Trent'anni e una chiacchierata con papà
Guardat en:
| Autor principal: | |
|---|---|
| Format: | Llibre |
| Idioma: | anglès |
| Etiquetes: |
Sense etiquetes, Sigues el primer a etiquetar aquest registre!
|
MARC
| LEADER | 00000nam a2200000 4500 | ||
|---|---|---|---|
| 001 | CDOM0000004596 | ||
| 003 | mi | ||
| 005 | 20250724170058.0 | ||
| 008 | 250724b |||||||| |||| 00| 0 eng d | ||
| 040 | |c mi | ||
| 100 | |a Ferro, Tiziano | ||
| 245 | 1 | |a Trent'anni e una chiacchierata con papà | |
| 942 | |2 ddc |c BK | ||
| 952 | |0 0 |1 0 |2 ddc |4 0 |6 B_LDV01FERTITRE11 |7 0 |9 9041 |a MI |b MI |d 2010-11-05 |i 6052 |l 0 |o B-LDV01-FERTI-TRE11 |p CDOM6052 |r 2025-07-17 21:50:00 |w 2025-07-17 |x DONO |y BK | ||
| 999 | |c 7532 |d 7532 | ||